Italy / Florence and Venice (Record no. 1551)

000 -LEADER
fixed length control field 00581nam a22002177a 4500
003 - CONTROL NUMBER IDENTIFIER
control field OSt
005 - DATE AND TIME OF LATEST TRANSACTION
control field 20210423062834.0
008 - FIXED-LENGTH DATA ELEMENTS--GENERAL INFORMATION
fixed length control field 210219s1869 ||||| |||| 00| 0 eng d
040 ## - CATALOGING SOURCE
Original cataloging agency eng
Language of cataloging eng
Transcribing agency DLC
041 ## - LANGUAGE CODE
Language code of text/sound track or separate title eng
Language code of original fre
080 ## - UNIVERSAL DECIMAL CLASSIFICATION NUMBER
Universal Decimal Classification number 008
Item number T-15
100 ## - MAIN ENTRY--PERSONAL NAME
9 (RLIN) 981
Personal name Taine, H.
245 ## - TITLE STATEMENT
Title Italy / Florence and Venice
Statement of responsibility, etc. / by: Henry Holt and Company
250 ## - EDITION STATEMENT
Edition statement 4th edition
260 ## - PUBLICATION, DISTRIBUTION, ETC.
Place of publication, distribution, etc. New York
Name of publisher, distributor, etc. Henry Holt and Company
Date of publication, distribution, etc. 1869
300 ## - PHYSICAL DESCRIPTION
Extent 385 p.
650 #0 - SUBJECT ADDED ENTRY--TOPICAL TERM
9 (RLIN) 493
Topical term or geographic name entry element Culture
653 ## - INDEX TERM--UNCONTROLLED
Uncontrolled term კულტურა
700 ## - ADDED ENTRY--PERSONAL NAME
9 (RLIN) 982
Personal name Durand, J.
Relator term Translator
942 ## - ADDED ENTRY ELEMENTS (KOHA)
Source of classification or shelving scheme
Koha item type Books
Edition 4
Holdings
Withdrawn status Lost status Source of classification or shelving scheme Damaged status Not for loan Permanent location Current location Date acquired Inventory number Total Checkouts Full call number Barcode Date last seen Price effective from Koha item type
          Ken Walker International University Ken Walker International University 02/19/2021 686   008 T-15 686 02/19/2021 02/19/2021 Books

Powered by Koha